000 00922cam a22002897a 4500
003 CHAP
005 20220329141356.0
008 971013s1984 r 00010 d
010 _a67215
011 _a68187
035 _a77659
040 _cCHAP
082 _a631.8
_bC48
100 0 0 _aChuang, Yao H.
_922967
245 0 _aInternational fertilizer market information sources
260 _aMuscle Shoals, Ala :
_bInternational Fertilizer Development Center,
_c1984
300 _a31 p.
490 0 _aReference manual
_v; R-4
590 _aBATCH-UPD
_b10
_c20130110
_lUCH01
_h0811
590 _aCONVERSION
_b10
_c20130109
_lUCH01
_h1337
650 1 4 _aFertilizantes
_xIndustria
_xE.U.A.
_940573
830 0 _aReference manual
_v; R-4
_995468
901 _aBK
942 _cLIBRO
949 _a631.8 C48
_bBC
_cC
_d33724000606125
_eC
_h73407
_i77659
_mD
_si
949 _a631.8 C48
_bBC
_cC
_d33724000606133
_eC
_fc.2
_h75879
_i77659
_si
999 _c67215
_d67215